<?xml version="1.0" encoding="UTF-8"?>
<record
    xmlns:xsi="http://www.w3.org/2001/XMLSchema-instance"
    xsi:schemaLocation="http://www.loc.gov/MARC21/slim http://www.loc.gov/standards/marcxml/schema/MARC21slim.xsd"
    xmlns="http://www.loc.gov/MARC21/slim">

  <leader>03395nam a2200373 i 4500</leader>
  <controlfield tag="003">CO-MdUADB</controlfield>
  <controlfield tag="005">20241011094600.0</controlfield>
  <controlfield tag="007">ta</controlfield>
  <controlfield tag="008">241003s2022    sp  |||fr|||| 000 0dspa d</controlfield>
  <datafield tag="020" ind1=" " ind2=" ">
    <subfield code="a">8418741619</subfield>
    <subfield code="q">ISBN-10</subfield>
  </datafield>
  <datafield tag="020" ind1=" " ind2=" ">
    <subfield code="a">9788418741616</subfield>
    <subfield code="q">ISBN-13</subfield>
  </datafield>
  <datafield tag="040" ind1=" " ind2=" ">
    <subfield code="a">CO-MdUADB</subfield>
    <subfield code="b">spa</subfield>
    <subfield code="c">CO-MdUADB</subfield>
    <subfield code="e">rda</subfield>
  </datafield>
  <datafield tag="041" ind1="0" ind2=" ">
    <subfield code="a">spa</subfield>
  </datafield>
  <datafield tag="082" ind1="0" ind2="4">
    <subfield code="a">539</subfield>
  </datafield>
  <datafield tag="100" ind1="1" ind2=" ">
    <subfield code="9">401458</subfield>
    <subfield code="a">Campillo &#xC1;lvarez, Jos&#xE9; Enrique</subfield>
    <subfield code="e">aut</subfield>
  </datafield>
  <datafield tag="245" ind1="1" ind2="3">
    <subfield code="a">El universo en un bit /</subfield>
    <subfield code="c">Jos&#xE9; Enrique Campillo &#xC1;lvarez </subfield>
  </datafield>
  <datafield tag="246" ind1="1" ind2="4">
    <subfield code="a">El universo en un bit. </subfield>
    <subfield code="b">&#xBF;Y si la realidad no fuese materia y energ&#xED;a, sino informaci&#xF3;n?</subfield>
  </datafield>
  <datafield tag="250" ind1=" " ind2=" ">
    <subfield code="a">1.&#xAA; edici&#xF3;n</subfield>
  </datafield>
  <datafield tag="264" ind1=" " ind2="1">
    <subfield code="a">Barcelona : </subfield>
    <subfield code="b">Arpa,</subfield>
    <subfield code="c">2022</subfield>
  </datafield>
  <datafield tag="300" ind1=" " ind2=" ">
    <subfield code="a">237 p&#xE1;ginas</subfield>
  </datafield>
  <datafield tag="336" ind1=" " ind2=" ">
    <subfield code="2">rdacontent</subfield>
    <subfield code="a">texto</subfield>
    <subfield code="b">txt</subfield>
  </datafield>
  <datafield tag="337" ind1=" " ind2=" ">
    <subfield code="a">no mediado</subfield>
  </datafield>
  <datafield tag="338" ind1=" " ind2=" ">
    <subfield code="a">volumen</subfield>
  </datafield>
  <datafield tag="504" ind1=" " ind2=" ">
    <subfield code="a">Incluye bibliograf&#xED;a.</subfield>
  </datafield>
  <datafield tag="505" ind1="0" ind2="0">
    <subfield code="t">1. La informaci&#xF3;n es la sustancia del universo --</subfield>
    <subfield code="t">2. La historia del bit --</subfield>
    <subfield code="t">3. Informaci&#xF3;n y orden --</subfield>
    <subfield code="t">4. Informaci&#xF3;n, energ&#xED;a y materia --</subfield>
    <subfield code="t">5. &#xBF;C&#xF3;mo se manifiesta la informaci&#xF3;n? --</subfield>
    <subfield code="t">6. En el principio fue el bit --</subfield>
    <subfield code="t">7. La vida es informaci&#xF3;n --</subfield>
    <subfield code="t">8. Las biomol&#xE9;culas --</subfield>
    <subfield code="t">9. Las ciberc&#xE9;lulas --</subfield>
    <subfield code="t">10. Biointernet --</subfield>
    <subfield code="t">11. Un cerebro, dos computadoras --</subfield>
    <subfield code="t">12. Cerebro cu&#xE1;ntico --</subfield>
    <subfield code="t">13. La revoluci&#xF3;n digital --</subfield>
    <subfield code="t">14. Hibridaci&#xF3;n mente-m&#xE1;quina --</subfield>
    <subfield code="t">15. La duraci&#xF3;n --</subfield>
    <subfield code="t">16. Las dimensiones de la informaci&#xF3;n --</subfield>
    <subfield code="t">Conclusiones y prospectivas.</subfield>
  </datafield>
  <datafield tag="520" ind1="3" ind2=" ">
    <subfield code="a">La sustancia primordial del universo, la que da forma a todo lo que somos y sabemos y se manifiesta a trav&#xE9;s de la energ&#xED;a, la materia, el espacio y el tiempo, no es m&#xE1;s que informaci&#xF3;n codificada. Bits. Este libro constituye una apasionante introducci&#xF3;n a ese lenguaje oculto de la realidad.
A lo largo de toda nuestra vida acumulamos informaci&#xF3;n, desde que somos concebidos hasta que morimos y desaparecemos. Un proceso acelerado en la actualidad merced a los dispositivos inform&#xE1;ticos. Transmitimos en vida la informaci&#xF3;n contenida en las mol&#xE9;culas de ADN, mediante la reproducci&#xF3;n. Tras la muerte, liberamos, a trav&#xE9;s de los procesos de descomposici&#xF3;n org&#xE1;nica y qu&#xED;mica, la informaci&#xF3;n que ocultan el resto de nuestras mol&#xE9;culas. Hasta hay quien cree que la informaci&#xF3;n &#xED;ntima, almacenada en nuestra consciencia, no se dispersa ca&#xF3;ticamente, sino que se preservar&#xE1; en el universo, en alg&#xFA;n formato cu&#xE1;ntico a&#xFA;n desconocido por la ciencia.
Los seres vivos somos entidades generadoras de informaci&#xF3;n. Por este motivo, algunos destacados f&#xED;sicos avanzan la hip&#xF3;tesis de que la funci&#xF3;n esencial de la vida, la raz&#xF3;n de nuestra existencia, sea probablemente contribuir al mantenimiento del acervo informativo del universo.
Jos&#xE9; Enrique Campillo presenta y desarrolla, de manera asequible, los argumentos que probar&#xED;an que la informaci&#xF3;n es el origen y el manual de instrucciones de todos los elementos que conforman la realidad, la vida y la consciencia. Todo es informaci&#xF3;n, o, como afirm&#xF3; el eminente f&#xED;sico te&#xF3;rico norteamericano John Archibal Wheeler: &#xAB;Todo es bit&#xBB;. (Tomado de la cubierta del libro).</subfield>
  </datafield>
  <datafield tag="650" ind1="1" ind2="7">
    <subfield code="2">lemb</subfield>
    <subfield code="9">28205</subfield>
    <subfield code="a">F&#xED;sica</subfield>
  </datafield>
  <datafield tag="650" ind1="1" ind2="7">
    <subfield code="2">lemb</subfield>
    <subfield code="9">22668</subfield>
    <subfield code="a">Teor&#xED;a cu&#xE1;ntica</subfield>
  </datafield>
  <datafield tag="650" ind1="1" ind2="7">
    <subfield code="2">lemb</subfield>
    <subfield code="9">45716</subfield>
    <subfield code="a">Teor&#xED;a de la informaci&#xF3;n</subfield>
  </datafield>
  <datafield tag="650" ind1="1" ind2="0">
    <subfield code="9">110975</subfield>
    <subfield code="a">Informaci&#xF3;n cu&#xE1;ntica</subfield>
  </datafield>
  <datafield tag="650" ind1="1" ind2="7">
    <subfield code="2">lemb</subfield>
    <subfield code="9">18757</subfield>
    <subfield code="a">Sociedad de la informaci&#xF3;n</subfield>
  </datafield>
  <datafield tag="650" ind1="1" ind2="7">
    <subfield code="2">lemb</subfield>
    <subfield code="9">44988</subfield>
    <subfield code="a">Ciencia y tecnolog&#xED;a</subfield>
  </datafield>
  <datafield tag="942" ind1=" " ind2=" ">
    <subfield code="2">ddc</subfield>
    <subfield code="c">BOOK</subfield>
  </datafield>
  <datafield tag="999" ind1=" " ind2=" ">
    <subfield code="c">860518</subfield>
    <subfield code="d">860518</subfield>
  </datafield>
  <datafield tag="952" ind1=" " ind2=" ">
    <subfield code="0">0</subfield>
    <subfield code="1">0</subfield>
    <subfield code="2">ddc</subfield>
    <subfield code="4">0</subfield>
    <subfield code="7">0</subfield>
    <subfield code="8">GENERAL</subfield>
    <subfield code="a">BC</subfield>
    <subfield code="b">BC</subfield>
    <subfield code="d">2024-10-02</subfield>
    <subfield code="e">Compra : Ediciones Hisp&#xE1;nicas </subfield>
    <subfield code="f">COMP</subfield>
    <subfield code="g">84000.00</subfield>
    <subfield code="l">2</subfield>
    <subfield code="o">539.01 C196</subfield>
    <subfield code="p">01110949</subfield>
    <subfield code="r">2026-03-24 14:41:54</subfield>
    <subfield code="s">2026-02-24</subfield>
    <subfield code="w">2024-10-03</subfield>
    <subfield code="y">BOOK</subfield>
  </datafield>
</record>
